| 000 | 00797nam a22002417a 4500 | ||
|---|---|---|---|
| 005 | 20240418211734.0 | ||
| 020 | _a9786210400991 | ||
| 040 |
_bEnglish _cURS _erda |
||
| 050 |
_aGN479.65 _b.P41 2019 |
||
| 100 |
_aPeralta, Eric Paul D., _eauthor. |
||
| 245 |
_aA Course module for gender and society : _ba human ecological approach / _cAtty. Eric Paul D. Peralta, Nephtaly Joel B. Botor, Dr. Teri Marie P. Laude. |
||
| 264 |
_aManila : _bRex Book Store, _c©2019. |
||
| 300 |
_avi, 219 pages ; _c25 cm |
||
| 336 |
_2rdacontent _atext _btxt |
||
| 337 |
_2rdamedia _aunmediated _bn |
||
| 338 |
_2rdacarrier _avolume _bnc |
||
| 650 | 0 | _aMen. | |
| 650 | 0 | _aWomen. | |
| 650 | 0 | _aSex role. | |
| 700 |
_aBotor, Nephtaly Joel B., _eauthor. |
||
| 700 |
_a Laude, Teri Marie P., _eauthor. |
||
| 942 |
_2lcc _cF |
||
| 999 |
_c78221 _d78220 |
||